A people's guide to an interfaith Christian theology in a time of transformation / (Record no. 1629)
[ view plain ]
| 000 -LEADER | |
|---|---|
| fixed length control field | 02490cam a2200349 i 4500 |
| 001 - CONTROL NUMBER | |
| control field | data |
| 005 - DATE AND TIME OF LATEST TRANSACTION | |
| control field | 20260322212109.0 |
| 008 - FIXED-LENGTH DATA ELEMENTS--GENERAL INFORMATION | |
| fixed length control field | data |
| 035 ## - SYSTEM CONTROL NUMBER | |
| System control number | 22529311 |
| 010 ## - LIBRARY OF CONGRESS CONTROL NUMBER | |
| LC control number | 2022937825 |
| 020 ## - INTERNATIONAL STANDARD BOOK NUMBER | |
| International Standard Book Number | 9781956056334 |
| Qualifying information | (pbk) |
| 020 ## - INTERNATIONAL STANDARD BOOK NUMBER | |
| International Standard Book Number | 1956056335 |
| Qualifying information | (pbk) |
| 035 ## - SYSTEM CONTROL NUMBER | |
| System control number | (OCoLC)1329421446 |
| 040 ## - CATALOGING SOURCE | |
| Original cataloging agency | YDX |
| Language of cataloging | eng |
| Transcribing agency | YDX |
| Description conventions | rda |
| Modifying agency | DLC |
| -- | OCLCF |
| -- | DLC |
| 042 ## - AUTHENTICATION CODE | |
| Authentication code | lccopycat |
| 050 00 - LIBRARY OF CONGRESS CALL NUMBER | |
| Classification number | BR50 |
| Item number | .H597 2022 |
| 082 04 - DEWEY DECIMAL CLASSIFICATION NUMBER | |
| Classification number | 230 |
| Edition information | 23 |
| 100 1# - MAIN ENTRY--PERSONAL NAME | |
| Personal name | Honig, Harvey H. |
| Relator term | author. |
| 245 12 - TITLE STATEMENT | |
| Title | A people's guide to an interfaith Christian theology in a time of transformation / |
| Statement of responsibility, etc. | Harvey H. Honig, PhD. |
| 264 #1 - PRODUCTION, PUBLICATION, DISTRIBUTION, MANUFACTURE, AND COPYRIGHT NOTICE | |
| Place of production, publication, distribution, manufacture | Brunswick, Maine : |
| Name of producer, publisher, distributor, manufacturer | Shanti Arts Publishing, |
| Date of production, publication, distribution, manufacture, or copyright notice | [2022] |
| 264 #4 - PRODUCTION, PUBLICATION, DISTRIBUTION, MANUFACTURE, AND COPYRIGHT NOTICE | |
| Date of production, publication, distribution, manufacture, or copyright notice | ©2022 |
| 300 ## - PHYSICAL DESCRIPTION | |
| Extent | 139 pages ; |
| Dimensions | 22 cm |
| 336 ## - CONTENT TYPE | |
| Content type term | text |
| Content type code | txt |
| Source | rdacontent |
| 337 ## - MEDIA TYPE | |
| Media type term | unmediated |
| Media type code | n |
| Source | rdamedia |
| 338 ## - CARRIER TYPE | |
| Carrier type term | volume |
| Carrier type code | nc |
| Source | rdacarrier |
| 520 ## - SUMMARY, ETC. | |
| Summary, etc. | "Harvey H. Honig began his life's work as a Lutheran minister but soon recognized his need for a more spacious and inclusive approach through which to heal and understand his inner self. This led him to spend many years exploring and experiencing other paths of religion and spirituality. In recent years, though, he found that the message, mission, and being of Jesus still played a powerful and transformative role in his life. Since common understandings of the life of Jesus are embedded within a biblical and historical framework, Honig wanted to explore the meaning of Christianity within the framework of our current world. An Interfaith Christian Theology is for fellow seekers who are drawn to the being and message of Jesus but can no longer relate to the dissonance between reality and belief that so many churches require. Honig's approach differs from traditional Christian theology in two ways: first, it does not stem from the framework of a specific denomination, and second, it presents itself as a way of thinking about Christianity rather than the only way. After several years as a minister, Honig began Jungian analytic training and earned a PhD in psychology at Loyola University Chicago. Jung gave Honig the tools he needed to continue his personal search for a life-affirming view of Christianity and to assist others in their search for inner truth and healing."--Publisher. |
| 650 #0 - SUBJECT ADDED ENTRY--TOPICAL TERM | |
| Topical term or geographic name entry element | Theology. |
| 650 #7 - SUBJECT ADDED ENTRY--TOPICAL TERM | |
| Topical term or geographic name entry element | Theology. |
| Source of heading or term | fast |
| Authority record control number or standard number | (OCoLC)fst01149559 |
| 906 ## - LOCAL DATA ELEMENT F, LDF (RLIN) | |
| a | 7 |
| b | cbc |
| c | copycat |
| d | 2 |
| e | ncip |
| f | 20 |
| g | y-gencatlg |
| 925 0# - | |
| -- | acquire |
| -- | 1 shelf copy |
| -- | policy default |
| Withdrawn status | Lost status | Damaged status | Not for loan | Home library | Current library | Shelving location | Date acquired | Total checkouts | Full call number | Barcode | Date last seen | Price effective from | Koha item type |
|---|---|---|---|---|---|---|---|---|---|---|---|---|---|
| Institut Protestant de Théologie | Institut Protestant de Théologie | General stacks | 22/03/2026 | 230 | LOC-IPT-00020 | 22/03/2026 | 22/03/2026 | Books |